000 00539nam a22001817a 4500
005 20250728070010.0
008 250728b |||||||| |||| 00| 0 eng d
020 _a9781485153474
041 _aEnglish
082 _a349 SOU
100 _lEnglish
245 _aYearbook of South African Law /
_cedited by L van de Vijver
250 _aFirst Edition
260 _aCape Town:
_bJuta and Company (Pty) Ltd,
_c2025
300 _bli, 1018 pages ;
_c25 cm.
650 _aLegal practice
_bLaw
942 _cBK
_6ALISON_BN_VRIES
999 _c3315
_d3315